Visualizzazione normale
Vista MARC
- Hicks Scott
di Personal Name
Records bibliografici associati: 1
001 - CONTROL NUMBER
- control field: 42239
003 - CONTROL NUMBER IDENTIFIER
- control field: IT-RoPau
005 - DATE AND TIME OF LATEST TRANSACTION
- control field: 20151126214840.0
008 - FIXED-LENGTH DATA ELEMENTS
- fixed length control field: 151126|| aca||aabn | a|a d
040 ## - CATALOGING SOURCE
- Original cataloging agency: IT-RoPau
- Transcribing agency: IT-RoPau
100 ## - HEADING--PERSONAL NAME
- Personal name: Hicks Scott
- Miscellaneous information: Codice regista SPICS: 50364
670 ## - SOURCE DATA FOUND
- Source citation: Work cat.: (IT-RoPau)105587: Hicks Scott Codice regista SPICS: 50364, SHINE SHINE (Rif. Codice opera principale : F0698)